00921nam a2200217 i 4500001000700000003000900007005001700016007000300033008004100036100003100077245021000108260003900318300003000357490003100387650003700418700003700455830003900492852003200531999001900563952012100582145501ES-MaACL20230906201239.0t|070214s1979 mx r ||||1| spa d1 aSpiegel, Murray R.910771710aTeoría y problemas de mecánica teórica con una introducción a las ecuaciones de Lagrange y a la teoría hamiltoniana / cMurray R. Spiegel ; traducción y adaptación de José Alberto Pontón. aMéxico : bMc Graw-Hill, c1979. a363 p. : bil. ; c28 cm.1 aSerie de compendios Schaum 4aLagrange, Ecuaciones de.91544951 aPontón, José Alberto.9930650 aSerie de compendios Schaum9181142 aES-MaACLjL-2087 bR.102691 c145501d145501 00104070aATENEOMbATENEOMcDEPO2d2008-01-17eSCl0oL-2087p1151877r2023-02-23 00:00:00w2023-02-23yMONOGRAFIA